Délibération sur les pétitions signalant au Sénat les tendances matérialistes de l'enseignement dans certaines Facultés et demandant la liberté de l'enseignement supérieur (Record no. 164377)

MARC details
000 -LEADER
campo de control de longitud fija 00900nam a2200193 i 4500
001 - NÚMERO DE CONTROL
campo de control 164377
003 - IDENTIFICADOR DE NÚMERO DE CONTROL
campo de control ES-MaACL
005 - FECHA Y HORA DE LA ÚLTIMA TRANSACCIÓN
campo de control 20251005063131.0
008 - DATOS DE LONGITUD FIJA--INFORMACIÓN GENERAL
campo de control de longitud fija 050802s1868 fr | |||||||| ||fre d
040 ## - FUENTE DE CATALOGACIÓN
Centro catalogador/agencia de origen CAM
Lengua de catalogación spa
Centro/agencia transcriptor CAM
100 1# - ENTRADA PRINCIPAL--NOMBRE DE PERSONA
Nombre de persona Sainte-Beuve, Charles-Augustin,
Fechas asociadas al nombre 1804-1869
9 (RLIN) 162958
245 10 - MENCIÓN DEL TÍTULO
Título Délibération sur les pétitions signalant au Sénat les tendances matérialistes de l'enseignement dans certaines Facultés et demandant la liberté de l'enseignement supérieur
Resto del título : séance du mardi 19 mai 1868 /
Mención de responsabilidad, etc. discours de Sainte-Beuve.
260 ## - PUBLICACIÓN, DISTRIBUCIÓN, ETC.
Lugar de publicación, distribución, etc. Paris :
Nombre del editor, distribuidor, etc. [s.n.,
Fecha de publicación, distribución, etc. s.a.] (
Fabricante Imprimerie de J. Claye)
300 ## - DESCRIPCIÓN FÍSICA
Extensión 15 p. ;
Dimensiones 23 cm.
594 ## - Nota al título y mención de responsabilidad
Nota al título y mención de responsabilidad Título tomado de principio del texto, sin portada.
595 ## -
-- Extrait du "Moniteur universel" du mercredi 20 mai 1868.
852 ## - LOCALIZACIÓN
Ubicación ES-MaACL
Número de control de estantería T-206-F-4
Nota libre -- Enc. hol.
-- -- Enc. en un vol. facticio
Holdings
Estatus retirado Estado de pérdida Estado de daño No para préstamo Colección Biblioteca de origen Biblioteca actual Ubicación en estantería Fecha de adquisición Total de préstamos Signatura topográfica completa Código de barras Visto por última vez Precio de reemplazo Tipo de ítem Koha
        Colección de folletos Biblioteca del Ateneo de Madrid Biblioteca del Ateneo de Madrid Depósito folletos 17/01/2008   T-206-F-4 1172292 23/02/2023 23/02/2023 Folleto